| 000 | 00594nam a2200157 a 4500 | ||
|---|---|---|---|
| 003 | 0 | ||
| 005 | 20250523113348.0 | ||
| 008 | 021119s19uu xx 00 eng d | ||
| 050 |
_aPHS LB 1033 _b.R69 2002 |
||
| 100 | _aRoxas, Kristine Marie T. | ||
| 245 |
_aPreferred teaching style of selected high school students of Southville International School / _cKristine Marie T. Roxas. |
||
| 260 |
_aLas PiƱas City, Philippines : _bSouthville International School and Colleges, _c2002. |
||
| 300 |
_aunnumbered pages : _billustrations ; _c28 cm. |
||
| 650 |
_aTeaching _xMethodology. |
||
| 942 |
_2lcc _cPASS |
||
| 999 |
_c96735 _d96735 |
||